Manual of Paediatrics: an intergrated approach (Record no. 5492)

MARC details
000 -LEADER
fixed length control field 00583nam a22002177a 4500
003 - CONTROL NUMBER IDENTIFIER
control field OSt
005 - DATE AND TIME OF LATEST TRANSACTION
control field 20170130180033.0
008 - FIXED-LENGTH DATA ELEMENTS--GENERAL INFORMATION
fixed length control field 170130b xxu||||| |||| 00| 0 eng d
020 ## - INTERNATIONAL STANDARD BOOK NUMBER
International Standard Book Number 9780443074943
020 ## - INTERNATIONAL STANDARD BOOK NUMBER
International Standard Book Number 0443074941
040 ## - CATALOGING SOURCE
Transcribing agency DMLN
082 ## - DEWEY DECIMAL CLASSIFICATION NUMBER
Classification number WS100 M317l 2006
100 ## - MAIN ENTRY--PERSONAL NAME
Personal name Polnay, Leon; Hampshire,Mandy
9 (RLIN) 11462
245 ## - TITLE STATEMENT
Title Manual of Paediatrics: an intergrated approach
260 ## - PUBLICATION, DISTRIBUTION, ETC. (IMPRINT)
Place of publication, distribution, etc. Edinburgh; Churchill, 2007
300 ## - PHYSICAL DESCRIPTION
Extent xxv,495p;col.ill: 22cm
504 ## - BIBLIOGRAPHY, ETC. NOTE
Bibliography, etc Index included
650 ## - SUBJECT ADDED ENTRY--TOPICAL TERM
Topical term or geographic name as entry element Paediatrics
9 (RLIN) 3350
650 ## - SUBJECT ADDED ENTRY--TOPICAL TERM
Topical term or geographic name as entry element Child care
9 (RLIN) 8841
942 ## - ADDED ENTRY ELEMENTS (KOHA)
Source of classification or shelving scheme Other/Generic Classification Scheme
Koha item type Short Loan
Holdings
Withdrawn status Lost status Source of classification or shelving scheme Damaged status Not for loan Home library Current library Date acquired Source of acquisition Inventory number Total Checkouts Full call number Barcode Date last seen Koha item type
    Other/Generic Classification Scheme     MUST Main Library MUST Main Library 30/01/2017   10/32202   WS100 M317l 2006 2017-0078 30/01/2017 Short Loan